[Event "Petrolina Brasil de Petrolina op"]
[Site "Petrolina"]
[Date "2015.08.30"]
[Round "5.15"]
[White "Lins Junior, Joao Ferreira"]
[Black "Silva, Augusto Jose B Souz"]
[Result "1-0"]
[WhiteElo "1691"]
[BlackElo "1950"]
[PlyCount "60"]
[EventDate "2015.08.28"]
[EventType "swiss"]
[EventRounds "5"]
[EventCountry "BRA"]
[SourceTitle "EXT 2022"]
[Source "ChessBase"]
[SourceDate "2021.10.06"]
[SourceVersion "1"]
[SourceVersionDate "2021.10.06"]
[SourceQuality "1"]

1. d4 Nf6 2. c4 g6 3. Nf3 Bg7 4. Nc3 0-0 5. e4 d6 6. Be2 c5 7. Be3 cxd4 8. Nxd4 Nbd7 9. 0-0 Nc5 10. f3 a6 11. b4 Ne6 12. Rb1 Qc7 13. Nxe6 fxe6 14. Qc2 Nh5 15. f4 Nf6 16. a4 d5 17. e5 Nd7 18. Qb3 Nxe5 19. cxd5 Qxc3 20. Qxc3 Nf3+ 21. Rxf3 Bxc3 22. Bc4 b5 23. axb5 axb5 24. Bxb5 exd5 25. Bc5 Bf6 26. Bc6 Bf5 27. Bxd5+ Kg7 28. Bxa8 Bxb1 29. Bd5 Rd8 30. Rf1 Bd3 1-0

[Event "Recife Regiao op"]
[Site "Recife"]
[Date "2014.10.31"]
[Round "4"]
[White "Lins Junior, Joao Ferreira"]
[Black "Sales, Gerson de Assis"]
[Result "0-1"]
[WhiteElo "1774"]
[BlackElo "2139"]
[PlyCount "56"]
[EventDate "2014.10.30"]
[EventType "swiss"]
[EventRounds "7"]
[EventCountry "BRA"]
[SourceTitle "EXT 2015"]
[Source "ChessBase"]
[SourceDate "2014.11.20"]
[SourceVersion "1"]
[SourceVersionDate "2014.11.20"]
[SourceQuality "1"]

1. d4 Nf6 2. Nc3 d6 3. Nf3 Nbd7 4. e3 g6 5. Bd3 Bg7 6. 0-0 c5 7. d5 a6 8. e4 b5 9. a3 0-0 10. b4 Qc7 11. Bb2 c4 12. Be2 Nxe4 13. Nd4 Nxc3 14. Bxc3 Bb7 15. Bf3 Nf6 16. Ne2 Rac8 17. Bxf6 Bxf6 18. c3 e5 19. Ng3 Bg7 20. Rc1 f5 21. Be2 Qf7 22. Qc2 Bxd5 23. f3 Bb7 24. a4 d5 25. axb5 axb5 26. Ra1 d4 27. cxd4 exd4 28. Ra7 d3 0-1